|
|
|
|
| LEADER |
01335nam a22003257a 4500 |
| 001 |
39519 |
| 003 |
BD-DhAAL |
| 008 |
221018r19771972nyu b 000 f eng d |
| 999 |
|
|
|c 44976
|d 44976
|
| 010 |
|
|
|a 2006045201
|
| 020 |
|
|
|a 0143039679
|
| 035 |
|
|
|a (OCoLC)ocm67361688
|
| 040 |
|
|
|a DLC
|c DLC
|d YDXCP
|d BAKER
|d OCLCQ
|d DLC
|d BD-DhAAL
|
| 042 |
|
|
|a pcc
|
| 050 |
0 |
0 |
|a PR9499.3.N3
|b R36 2006
|
| 082 |
0 |
0 |
|a 294.5922
|2 23
|
| 100 |
1 |
|
|a Narayan, R. K.,
|d 1906-2001.
|9 51896
|
| 245 |
1 |
4 |
|a The Ramayana :
|b a shortened modern prose version of the Indian epic (suggested by the Tamil version of Kamban) /
|c R.K. Narayan.
|
| 260 |
|
|
|a New York :
|b Penguin Books,
|c 1977.
|
| 300 |
|
|
|a xvi, 171 pages ;
|c 20 cm.
|
| 490 |
|
|
|a Penguin twentieth-century classics
|
| 500 |
|
|
|a Originally published: U.S.A. : Viking Press, 1972.
|
| 504 |
|
|
|a Includes bibliographical references.
|
| 541 |
|
|
|a Donated By Akbar Ali Khan
|e 39519
|
| 600 |
0 |
0 |
|a Rāma
|c (Hindu deity)
|v Fiction.
|9 51898
|
| 650 |
|
0 |
|a Epic literature, Tamil
|v Adaptations.
|9 51899
|
| 830 |
|
|
|a Penguin twentieth-century classics
|9 51900
|
| 852 |
|
|
|a Ayesha Abed Library
|c Akbar Ali Khan Collection
|
| 942 |
|
|
|2 ddc
|c BK
|
| 952 |
|
|
|0 0
|1 0
|2 ddc
|4 0
|6 294_592200000000000_NAR
|7 1
|9 72114
|a BRACUL
|b BRACUL
|c CS1
|d 2022-10-18
|e Donated by Akbar Ali Khan
|l 0
|o 294.5922 NAR
|p 3010039519
|r 2022-10-18
|t 1
|w 2022-10-18
|y BK
|